LEADER 00722nam a2200193 i 4500 001 000000246168 003 CaOOAMICUS 005 20151027000000.0 008 151027s1880 xx u000 u fre u 013 $a225073 040 $aSeMil$bita 245 10$aDu 19 mai au 13 juin. 250 $a7. édition, revue, corrigée et considérablement augmentée. 300 $a648, VIII p. 773 0 $aGuérin, Paul <1830-1908>$tPetits Bollandistes.$dParis : Bloud & Barral, 1872-1880.$g6$w()32738 850 $aSeMil 852 $aSeMil$W1$xVenegono$y1$m3J VI 91 FA$j196514$B196514$CSeMilBibl$Z2$F207281 $8I 961 $aOmaggio: Biblioteca Seminario Duomo 996 $6245$aDu 19 mai au 13 juin$9(OLS)http://semarc/title/347891 LEADER 01020nam a2200229 i 4500 001 000000239515 003 CaOOAMICUS 005 20150310000000.0 008 150310s2013 it u000 u ita u 013 $a218420 040 $aSeMil$bita 245 10$aRegolamento per la vita comunitaria /$cSeminario Arcivescovile di Milano. Comunità del Quadriennio Teologico. 260 $aVenegono Inf. :$b[s.n.],$c2013. 300 $a15 p. ;$c21 cm. 500 $aManca il frontespizio. 650 4$aSeminaristi - Regole.$0(OLS)http://semarc/subject/9303 650 4$aMilano (Arcidiocesi) - Seminario Arcivescovile - Formazione sacerdotale.$0(OLS)http://semarc/subject/18928 710 2 $aSeminario Arcivescovile di Milano.$0(OLS)http://semarc/name/1064 850 $aSeMil 852 $aSeMil$W1$xVenegono$y1$m5D IX 14/15$j189861$B189861$CSeMilBibl$Z2$F200694 $81 996 $6245$aRegolamento per la vita comunitaria$9(OLS)http://semarc/title/341052 996 $6260$aVenegono Inf. :$b[s.n.]$9(OLS)http://semarc/publisher/29944